| 000 | 00731nam a2200193Ia 4500 | ||
|---|---|---|---|
| 003 | GCL | ||
| 005 | 20240530103718.0 | ||
| 008 | 140319s9999 xx 000 0 ara d | ||
| 040 |
_aGCL / _cGCL |
||
| 082 | 0 | 4 |
_a949.05 _bم م |
| 100 | 1 | _aمحمود سعيد عمران | |
| 245 | 1 | 0 |
_aمعالم تاريخ الامبراطورية البيزنطية : _bمدخل لدراسة التاريخ السياسى والحربى / _cمحمود سعيد عمران |
| 260 |
_aالقاهرة : _bدار المعرفة الجامعية ، _c1994 |
||
| 300 |
_a405 ص ؛ _c22 سم |
||
| 490 |
_aكتاب _v0 |
||
| 650 | 0 | 4 | _aدولة المماليك |
| 650 | 0 | 4 | _aالامبراطورية البيزنطية - تاريخ |
| 942 |
_2ddc _cBK |
||
| 999 |
_c41896 _d41896 |
||